[Event "January Lviv Tradition (IM-group)"]
[Site "Lviv, UKR"]
[Date "2015.01.30"]
[Round "6.1"]
[White "Shkuran, Daniil"]
[Black "Walter, Szymon"]
[Result "1/2-1/2"]
[WhiteElo "2386"]
[BlackElo "2141"]
[PlyCount "166"]
[EventDate "2015.01.27"]

1. e4 c5 2. Nf3 g6 3. Nc3 Bg7 4. d4 cxd4 5. Nxd4 Nc6 6. Nde2 Nf6 7. g3 O-O 8.
Bg2 d6 9. O-O Rb8 10. a4 a6 11. h3 b5 12. axb5 axb5 13. Nd5 Nd7 14. f4 e6 15.
Ne3 Qb6 16. Kh2 Bb7 17. Ng4 h5 18. Nf2 Nd4 19. Nd3 Nc5 20. Be3 Nxe2 21. Qxe2
Qc7 22. Nxc5 dxc5 23. e5 Bd5 24. Qf2 Rfc8 25. Rfd1 Qc6 26. Ra7 Rd8 27. Bf1 Bf8
28. Rda1 Be4 29. g4 hxg4 30. hxg4 Rb7 31. R7a6 Qc7 32. Bg2 Bd5 33. Kg3 Be7 34.
Bxd5 exd5 35. Rh1 Bf8 36. Qh2 Bg7 37. Qh7+ Kf8 38. Rf6 Rb6 39. g5 d4 40. Bd2 b4
41. Re1 Re8 42. Ra1 Rc6 43. Qh1 Rb6 44. Qd5 Bxf6 45. gxf6 Qc6 46. Qc4 Rc8 47.
Qe2 Ke8 48. Ra7 Rc7 49. Rxc7 Qxc7 50. Qh2 Qc6 51. Qh8+ Kd7 52. Qf8 Qd5 53. Kf2
Rc6 54. Qa8 Qe6 55. Qb7+ Kd8 56. c3 Rb6 57. Qa8+ Kc7 58. cxb4 cxb4 59. Qa7+ Kc8
60. Bxb4 Qc6 61. Qxf7 Qc2+ 62. Kg3 Qd3+ 63. Kh4 Qf5 64. Qg8+ Kb7 65. Qd5+ Rc6
66. Bd2 g5+ 67. fxg5 Qf2+ 68. Kh5 Qxd2 69. Kg6 Qc2+ 70. Kg7 d3 71. f7 d2 72.
Qb5+ Ka7 73. f8=Q Rc7+ 74. Kf6 Qc6+ 75. Qxc6 Rxc6+ 76. e6 d1=Q 77. Qa3+ Kb7 78.
Qb4+ Ka7 79. Qe4 Qd8+ 80. Kf7 Rc8 81. Qa4+ Kb8 82. Qb5+ Ka8 83. Qa6+ Kb8
1/2-1/2

[Event "January Lviv Tradition (IM-group)"]
[Site "Lviv, UKR"]
[Date "2015.01.30"]
[Round "6.2"]
[White "Buksa, Nataliya"]
[Black "Osmak, Iulija"]
[Result "1/2-1/2"]
[WhiteElo "2127"]
[BlackElo "2419"]
[PlyCount "99"]
[EventDate "2015.01.27"]

1. e4 c5 2. Nf3 e6 3. d4 cxd4 4. Nxd4 a6 5. Bd3 Bc5 6. Nb3 Bb6 7. Nc3 Nc6 8.
Qe2 Nge7 9. Be3 O-O 10. O-O-O e5 11. f4 Nd4 12. Qf2 Nxb3+ 13. axb3 Bxe3+ 14.
Qxe3 exf4 15. Qxf4 Ng6 16. Qg3 d6 17. Be2 Ne5 18. Rd4 Re8 19. Rhd1 Re6 20. Bc4
Nxc4 21. bxc4 Qa5 22. Kb1 h6 23. Rxd6 Rxd6 24. Qxd6 Be6 25. Nd5 Bg4 26. Rf1 Be2
27. Qe5 Qd2 28. Rc1 a5 29. c5 a4 30. Ne7+ Kh8 31. Nf5 Qg5 32. Nd6 Qxe5 33.
Nxf7+ Kg8 34. Nxe5 Re8 35. Re1 Rxe5 36. Rxe2 Rxc5 37. e5 Kf7 38. e6+ Ke7 39.
Ka2 Rc4 40. c3 Rh4 41. g3 Rg4 42. Re5 g6 43. Ka3 h5 44. Rb5 Kxe6 45. Rxb7 Re4
46. Rb6+ Kf5 47. Rb5+ Kf6 48. Rb4 Re2 49. h4 Rg2 50. Rxa4 $11 1/2-1/2

[Event "January Lviv Tradition (IM-group)"]
[Site "Lviv, UKR"]
[Date "2015.01.30"]
[Round "6.3"]
[White "Sabuk, Piotr"]
[Black "Golubka, Petr"]
[Result "1/2-1/2"]
[WhiteElo "2347"]
[BlackElo "2399"]
[PlyCount "48"]
[EventDate "2015.01.27"]

1. d4 Nf6 2. c4 e6 3. g3 d5 4. Bg2 Be7 5. Nf3 O-O 6. O-O dxc4 7. Qc2 a6 8. Qxc4
b5 9. Qc2 Bb7 10. Bd2 Be4 11. Qc1 Bb7 12. Qc2 Be4 13. Qc1 Bb7 14. Bf4 Nd5 15.
Nc3 Nxf4 16. Qxf4 Nd7 17. Rfd1 Qb8 18. Ne5 Nxe5 19. Qxe5 Bxg2 20. Kxg2 c5 21.
Qxb8 Raxb8 22. dxc5 Bxc5 23. Ne4 Rfc8 24. Rac1 Bf8 $11 1/2-1/2

[Event "January Lviv Tradition (IM-group)"]
[Site "Lviv, UKR"]
[Date "2015.01.30"]
[Round "6.4"]
[White "Koziol, Kamil"]
[Black "Strebkovs, Andrejs"]
[Result "1/2-1/2"]
[WhiteElo "2043"]
[BlackElo "2335"]
[PlyCount "110"]
[EventDate "2015.01.27"]

1. e4 c6 2. d4 g6 3. Nc3 d5 4. e5 Bg7 5. f4 h5 6. Nf3 Bg4 7. Be2 Bxf3 8. Bxf3
Nh6 9. Be3 Nf5 10. Bf2 h4 11. O-O e6 12. Ne2 Nd7 13. Qd3 a5 14. a4 Qb6 15. b3
Qa6 16. c4 Nb6 17. Rfc1 Bf8 18. Qc2 Be7 19. g4 hxg3 20. hxg3 O-O-O 21. c5 Nd7
22. b4 axb4 23. Qb3 Nb8 24. Qxb4 g5 25. Rcb1 gxf4 26. Nxf4 Rdg8 27. Be2 Qa8 28.
Ra3 Rd8 29. a5 Na6 30. Qb6 Rd7 31. Bxa6 bxa6 32. Rab3 Rc7 33. Qb8+ Kd7 34. Qxa8
Rxa8 35. Rb8 Rxb8 36. Rxb8 Ra7 37. Kg2 Bd8 38. g4 Ne7 39. Nh5 Kc7 40. Rb6 Kc8
41. Rb3 Bxa5 42. Nf6 Ng6 43. Ne8 Bd2 44. Nd6+ Kc7 45. Nxf7 a5 46. Rb2 Bc1 47.
Rb1 Bd2 48. Rb2 Bb4 49. Be3 Ra8 50. Nd6 Rf8 51. Bd2 Nf4+ 52. Kg3 Ne2+ 53. Kg2
Nf4+ 54. Kg3 Ne2+ 55. Kg2 Nf4+ $11 1/2-1/2

[Event "January Lviv Tradition (IM-group)"]
[Site "Lviv, UKR"]
[Date "2015.01.30"]
[Round "6.5"]
[White "Lornye, Pylyp"]
[Black "Terletsky, Oleg"]
[Result "1-0"]
[WhiteElo "2223"]
[BlackElo "2241"]
[PlyCount "61"]
[EventDate "2015.01.27"]

1. Nf3 Nf6 2. g3 c5 3. Bg2 Nc6 4. O-O d5 5. d3 e5 6. e4 d4 7. a4 Bd6 8. Na3 Bg4
9. h3 Bh5 10. Qe1 Nd7 11. Nh4 O-O 12. Nf5 Bc7 13. Bd2 a6 14. h4 Rb8 15. Nc4 b5
16. axb5 axb5 17. Na5 Nxa5 18. Bxa5 Nb6 19. Qd2 f6 20. Bh3 Be8 21. Qe2 g6 22.
Nh6+ Kg7 23. Bd2 Bd7 24. Bxd7 Qxd7 25. Kg2 Ra8 26. h5 Na4 27. hxg6 hxg6 28. Rh1
Rh8 29. Ng4 g5 30. b3 Nb6 31. Rxa8 1-0

[Event "January Lviv Tradition (IM-group)"]
[Site "Lviv, UKR"]
[Date "2015.01.30"]
[Round "7.1"]
[White "Terletsky, Oleg"]
[Black "Shkuran, Daniil"]
[Result "1/2-1/2"]
[WhiteElo "2241"]
[BlackElo "2386"]
[PlyCount "51"]
[EventDate "2015.01.27"]

1. e4 c6 2. d4 d5 3. Nc3 dxe4 4. Nxe4 Bf5 5. Ng3 Bg6 6. Nf3 Nd7 7. h4 h6 8. h5
Bh7 9. Bd3 Bxd3 10. Qxd3 Ngf6 11. Bf4 Qa5+ 12. Bd2 Qc7 13. O-O-O e6 14. Ne4
Nxe4 15. Qxe4 O-O-O 16. Kb1 Nf6 17. Qe2 Bd6 18. c4 c5 19. Bc3 cxd4 20. Bxd4 Bc5
21. Bxc5 Qxc5 22. Ne5 Qc7 23. f4 Rxd1+ 24. Rxd1 Rd8 25. Rxd8+ Kxd8 26. g4 $11
1/2-1/2

[Event "January Lviv Tradition (IM-group)"]
[Site "Lviv, UKR"]
[Date "2015.01.30"]
[Round "7.2"]
[White "Strebkovs, Andrejs"]
[Black "Lornye, Pylyp"]
[Result "1-0"]
[WhiteElo "2335"]
[BlackElo "2223"]
[PlyCount "75"]
[EventDate "2015.01.27"]

1. d4 Nf6 2. c4 g6 3. f3 Bg7 4. e4 d6 5. Nc3 O-O 6. Be3 c6 7. Nge2 Nbd7 8. Qd2
a6 9. Rd1 b5 10. b3 bxc4 11. bxc4 e5 12. d5 Nb6 13. Nc1 cxd5 14. cxd5 Qc7 15.
Nb3 Nfd7 16. Rc1 Nc4 17. Bxc4 Qxc4 18. Na5 Qb4 19. Nc6 Qb7 20. O-O Nb8 21. Na4
Nxc6 22. dxc6 Qb5 23. Nb6 Rb8 24. a4 Qb3 25. Rb1 Qe6 26. Rfd1 Bf6 27. Qxd6 Qxd6
28. Rxd6 Be7 29. Rdd1 Be6 30. c7 Rbe8 31. Bh6 Bc5+ 32. Kh1 Bd4 33. Rdc1 Bxb6
34. Rxb6 Bc8 35. Rd1 f5 36. Bxf8 Kxf8 37. Rd8 Ke7 38. Rbd6 1-0

[Event "January Lviv Tradition (IM-group)"]
[Site "Lviv, UKR"]
[Date "2015.01.30"]
[Round "7.3"]
[White "Golubka, Petr"]
[Black "Koziol, Kamil"]
[Result "1/2-1/2"]
[WhiteElo "2399"]
[BlackElo "2043"]
[PlyCount "44"]
[EventDate "2015.01.27"]

1. e4 c5 2. Nf3 e6 3. Nc3 Nc6 4. d4 cxd4 5. Nxd4 a6 6. Be3 Qc7 7. Qd2 Nf6 8. f3
Bb4 9. a3 Be7 10. g4 b5 11. g5 Nh5 12. O-O-O b4 13. axb4 Bxb4 14. f4 Nxd4 15.
Qxd4 Bxc3 16. Qxc3 Qxc3 17. bxc3 g6 18. Be2 Ng7 19. Bd4 O-O 20. Bf3 Bb7 21. c4
Bc6 22. h4 Rfc8 $11 1/2-1/2

[Event "January Lviv Tradition (IM-group)"]
[Site "Lviv, UKR"]
[Date "2015.01.30"]
[Round "7.4"]
[White "Osmak, Iulija"]
[Black "Sabuk, Piotr"]
[Result "0-1"]
[WhiteElo "2419"]
[BlackElo "2347"]
[PlyCount "82"]
[EventDate "2015.01.27"]

1. e4 e5 2. Nf3 Nc6 3. Bb5 a6 4. Ba4 Nf6 5. Qe2 Bd6 6. c3 O-O 7. d3 Re8 8. Bg5
h6 9. Bh4 b5 10. Bb3 Be7 11. Nbd2 d6 12. O-O Na5 13. Bc2 c5 14. d4 Qc7 15. dxe5
dxe5 16. Bxf6 Bxf6 17. Rfd1 Be6 18. Nf1 Rad8 19. b3 c4 20. b4 Nc6 21. a4 Nd4
22. cxd4 exd4 23. e5 d3 24. Bxd3 cxd3 25. Rxd3 Rxd3 26. Qxd3 Bxe5 27. Nxe5 Qxe5
28. Qa3 f5 29. axb5 axb5 30. Rc1 f4 31. Qa1 Qg5 32. Re1 Bd5 33. Rxe8+ Kf7 34.
g3 Kxe8 35. Qe1+ Kf7 36. Qc1 fxg3 37. Qc7+ Kg8 38. Qxg3 Qc1 39. Qb8+ Kh7 40.
Qxb5 Qd1 41. Qc5 Qf3 0-1

[Event "January Lviv Tradition (IM-group)"]
[Site "Lviv, UKR"]
[Date "2015.01.30"]
[Round "7.5"]
[White "Walter, Szymon"]
[Black "Buksa, Nataliya"]
[Result "1-0"]
[WhiteElo "2141"]
[BlackElo "2127"]
[PlyCount "109"]
[EventDate "2015.01.27"]

1. e4 c5 2. Nf3 d6 3. d4 cxd4 4. Nxd4 Nf6 5. Nc3 a6 6. h3 e5 7. Nde2 h5 8. Bg5
Be6 9. f4 Be7 10. f5 Bc4 11. Ng3 Bxf1 12. Rxf1 Nbd7 13. Qf3 Rc8 14. O-O-O Rc5
15. Rd3 b5 16. Rfd1 h4 17. Nf1 b4 18. Bxf6 bxc3 19. Bxe7 cxb2+ 20. Kb1 Qxe7 21.
Rxd6 Nf6 22. Rd8+ Qxd8 23. Rxd8+ Kxd8 24. Qe3 Rc7 25. Nd2 Ke7 26. Qa3+ Kd7 27.
Qd3+ Ke7 28. Nc4 Rhc8 29. Qa3+ Rc5 30. Nb6 R8c6 31. Na4 Nxe4 32. Qb4 Nc3+ 33.
Nxc3 Kd7 34. Qg4 Kc7 35. Na4 Rc4 36. Qxg7 Rxa4 37. Qxf7+ Kb6 38. Qb3+ Ka5 39.
Qd5+ Kb6 40. Qxe5 Rac4 41. f6 Rxc2 42. f7 Rxg2 43. Qe3+ Ka5 44. f8=Q Rc1+ 45.
Qxc1 bxc1=Q+ 46. Kxc1 Rg1+ 47. Kc2 Rg2+ 48. Kb3 Rg3+ 49. Kc4 Kb6 50. Qf6+ Ka5
51. Qxh4 Rg7 52. Qe1+ Kb6 53. Qe3+ Kb7 54. Qe4+ Kc8 55. Qa8+ 1-0

[Event "January Lviv Tradition (IM-group)"]
[Site "Lviv, UKR"]
[Date "2015.01.31"]
[Round "8.1"]
[White "Shkuran, Daniil"]
[Black "Buksa, Nataliya"]
[Result "1-0"]
[WhiteElo "2386"]
[BlackElo "2127"]
[PlyCount "143"]
[EventDate "2015.01.27"]

1. e4 c5 2. Nf3 d6 3. d4 cxd4 4. Nxd4 Nf6 5. Nc3 a6 6. g3 e5 7. Nde2 Be7 8. Bg2
b5 9. a4 b4 10. Nd5 Nxd5 11. Qxd5 Ra7 12. Be3 Be6 13. Qd2 Rb7 14. O-O Nc6 15.
Rfd1 b3 16. cxb3 Na5 17. Nc1 Nxb3 18. Nxb3 Rxb3 19. a5 O-O 20. Bb6 Qa8 21. Rac1
h6 22. Qe2 Rb4 23. Bf1 Qxe4 24. Qxe4 Rxe4 25. Bxa6 Rb4 26. Bb7 Rb8 27. Bc6 Bc4
28. Ba7 Rd8 29. Be3 Ba6 30. Bd5 Bb7 31. Rc7 Bxd5 32. Rxd5 Bg5 33. Bb6 Rxb2 34.
h4 Bd2 35. Rc6 Ra8 36. Rcxd6 Bc3 37. Rd8+ Rxd8 38. Rxd8+ Kh7 39. a6 Rxb6 40. a7
Ra6 41. a8=Q Rxa8 42. Rxa8 h5 43. Ra6 f6 44. Kg2 Kg6 45. Kf3 Kf5 46. Ra7 g6 47.
Rg7 Bd4 48. Re7 Bc5 $11 49. Re8 Bd4 50. Kg2 Bc3 51. f3 Bd2 52. Kh3 g5 53. g4+
Kg6 54. gxh5+ Kxh5 55. Rh8+ Kg6 56. h5+ Kf5 57. Rg8 e4 58. h6 exf3 59. h7 g4+
60. Kh2 Bf4+ 61. Kg1 g3 62. h8=Q Be3+ 63. Kf1 g2+ 64. Rxg2 fxg2+ 65. Kxg2 Bg5
66. Kf3 Ke5 67. Qe8+ Kd5 68. Qe4+ Kd6 69. Kg4 Kc5 70. Kf5 Kd6 71. Qd4+ Kc6 72.
Ke6 1-0

[Event "January Lviv Tradition (IM-group)"]
[Site "Lviv, UKR"]
[Date "2015.01.31"]
[Round "8.2"]
[White "Sabuk, Piotr"]
[Black "Walter, Szymon"]
[Result "1-0"]
[WhiteElo "2347"]
[BlackElo "2141"]
[PlyCount "127"]
[EventDate "2015.01.27"]

1. d4 Nf6 2. c4 e6 3. g3 Bb4+ 4. Bd2 Be7 5. Bg2 d5 6. Nf3 O-O 7. O-O c6 8. Qb3
Nbd7 9. Bb4 a5 10. Bxe7 Qxe7 11. Nc3 Qb4 12. Nd2 Nb6 13. Rfc1 dxc4 $11 14. Qxb4
axb4 15. Nd1 e5 16. dxe5 Ng4 17. Nxc4 Nxc4 18. Rxc4 b3 19. a3 Nxe5 20. Rb4 Rd8
21. f4 Ng4 22. Rxb3 Ra4 23. Rb4 Rxb4 24. axb4 h5 25. h3 Nf6 26. Nc3 Be6 27. Rd1
Ra8 28. Kf2 Kf8 29. e4 Ke7 30. Ke3 Bb3 31. Rc1 Nd7 32. Bf3 Nb6 33. Be2 Rd8 34.
b5 Nc4+ 35. Bxc4 Bxc4 36. bxc6 bxc6 37. Rd1 Rb8 38. Rd2 Bf1 39. h4 Rb4 40. Kf3
Ke6 41. Nd1 Bb5 42. Ne3 Rb3 43. Kf2 Rb4 44. Nf5 Rxe4 45. Nxg7+ Ke7 46. Kf3 Re1
47. Kf2 Rf1+ 48. Kg2 Re1 49. Kf2 Rf1+ 50. Kg2 Re1 $11 51. Nf5+ Kf6 52. Nd4 Ba6
53. Nxc6 Bb7 54. Kf2 Rh1 55. Ne5 Rh2+ 56. Ke3 Rh3 57. Rd7 Rxg3+ 58. Kd4 Bc8 59.
Rxf7+ Ke6 60. f5+ Kd6 61. Rf8 Bb7 62. f6 Rg1 63. f7 Rd1+ 64. Kc3 1-0

[Event "January Lviv Tradition (IM-group)"]
[Site "Lviv, UKR"]
[Date "2015.01.31"]
[Round "8.3"]
[White "Koziol, Kamil"]
[Black "Osmak, Iulija"]
[Result "0-1"]
[WhiteElo "2043"]
[BlackElo "2419"]
[PlyCount "110"]
[EventDate "2015.01.27"]

1. d4 d5 2. c4 c6 3. Nf3 Nf6 4. Nc3 dxc4 5. a4 Bf5 6. Ne5 Nbd7 7. Nxc4 Qc7 8.
g3 e5 9. dxe5 Nxe5 10. Bf4 Nfd7 11. Bg2 g5 12. Ne3 gxf4 13. Nxf5 O-O-O 14. Qc2
Kb8 15. O-O fxg3 16. hxg3 h5 17. Ne4 Ng6 18. Qc3 a5 19. Rfd1 Bb4 20. Qb3 Nde5
21. Rxd8+ Qxd8 22. Rd1 Qb6 23. Ned6 Ng4 24. Rf1 f6 25. Qf7 N6e5 26. Qg7 Rd8 27.
Ne4 Bf8 28. Qh7 Qxb2 29. Qxh5 Qxe2 30. Nxf6 Rd1 31. Nxg4 Nxg4 32. Rxd1 Qxd1+
33. Bf1 Qf3 34. Qe8+ Ka7 35. Qe2 Qxf5 36. Bh3 Qb1+ 37. Kg2 Nf6 38. Qe3+ Qb6 39.
Qf4 Be7 40. Be6 Qb4 41. Qe3+ Bc5 42. Qe5 Ne4 43. f4 Qd2+ 44. Kf3 Qe3+ 45. Kg4
Qxg3+ 46. Kh5 Qe3 47. Kg6 Qg1+ 48. Kh7 Qd4 49. Qc7 Bb6 50. Qe7 Qf6 51. Qxf6
Nxf6+ 52. Kg6 Bd4 53. f5 b5 54. Bb3 Kb6 55. Kg5 Kc5 0-1

[Event "January Lviv Tradition (IM-group)"]
[Site "Lviv, UKR"]
[Date "2015.01.31"]
[Round "8.4"]
[White "Lornye, Pylyp"]
[Black "Golubka, Petr"]
[Result "1/2-1/2"]
[WhiteElo "2223"]
[BlackElo "2399"]
[PlyCount "38"]
[EventDate "2015.01.27"]

1. Nf3 Nf6 2. g3 g6 3. Bg2 Bg7 4. O-O O-O 5. d3 d5 6. Nbd2 Nc6 7. c3 a5 8. e4
dxe4 9. Nxe4 Nxe4 10. dxe4 Qxd1 11. Rxd1 a4 12. a3 Bg4 13. h3 Be6 14. Be3 Na5
15. Nd4 Bc4 16. Rab1 Ba2 17. Ra1 Bc4 18. Rab1 Ba2 19. Ra1 Bc4 $11 1/2-1/2

[Event "January Lviv Tradition (IM-group)"]
[Site "Lviv, UKR"]
[Date "2015.02.01"]
[Round "9.1"]
[White "Strebkovs, Andrejs"]
[Black "Shkuran, Daniil"]
[Result "1/2-1/2"]
[WhiteElo "2335"]
[BlackElo "2386"]
[PlyCount "50"]
[EventDate "2015.01.27"]

1. d4 d5 2. Nf3 Nf6 3. c4 c6 4. g3 e6 5. Qc2 Be7 6. Bg2 O-O 7. O-O Nbd7 8. Nbd2
b6 9. e4 dxe4 10. Nxe4 Nxe4 11. Qxe4 Bb7 12. Bf4 Nf6 13. Qe2 c5 14. Rfd1 cxd4
15. Nxd4 Qc8 16. Rac1 Rd8 17. Bxb7 Qxb7 18. Qf3 Qxf3 19. Nxf3 Ne4 20. Be3 Rac8
21. b3 Ba3 22. Rxd8+ Rxd8 23. Re1 Nc5 24. Kf1 Kf8 25. Ke2 Ke8 $11 1/2-1/2

[Event "January Lviv Tradition (IM-group)"]
[Site "Lviv, UKR"]
[Date "2015.02.01"]
[Round "9.2"]
[White "Golubka, Petr"]
[Black "Terletsky, Oleg"]
[Result "1/2-1/2"]
[WhiteElo "2399"]
[BlackElo "2241"]
[PlyCount "66"]
[EventDate "2015.01.27"]

1. e4 e5 2. Nf3 Nc6 3. Bb5 a6 4. Ba4 Nf6 5. O-O b5 6. Bb3 Be7 7. d3 O-O 8. Nc3
d6 9. a4 Bg4 10. Be3 b4 11. Nd5 Rb8 12. a5 Nxd5 13. Bxd5 Nd4 14. Bxd4 exd4 15.
h3 Bxf3 16. Qxf3 c5 17. Bc4 Qc7 18. Kh1 Bg5 19. Bxa6 Ra8 20. Bc4 Rxa5 21. Rxa5
Qxa5 22. g3 g6 23. h4 Be7 24. h5 Kg7 25. Kg2 Bg5 26. hxg6 hxg6 27. Qd1 Rh8 28.
Rh1 Rxh1 29. Qxh1 Qa4 30. Bb3 Qd7 31. Bc4 Qa4 32. Bb3 Qd7 33. Bc4 Qa4 1/2-1/2

[Event "January Lviv Tradition (IM-group)"]
[Site "Lviv, UKR"]
[Date "2015.02.01"]
[Round "9.3"]
[White "Osmak, Iulija"]
[Black "Lornye, Pylyp"]
[Result "1-0"]
[WhiteElo "2419"]
[BlackElo "2223"]
[PlyCount "81"]
[EventDate "2015.01.27"]

1. e4 d6 2. d4 Nf6 3. Nc3 g6 4. f4 Bg7 5. Nf3 O-O 6. Be3 Na6 7. Qd2 c5 8. O-O-O
cxd4 9. Bxd4 Qa5 10. Kb1 Bg4 11. h3 Bxf3 12. gxf3 e5 13. fxe5 dxe5 14. Be3 Nb4
15. a3 Nc6 16. Nd5 Qxd2 17. Rxd2 Nh5 18. Bc4 Kh8 19. c3 Rac8 20. Bb5 f5 21.
exf5 Ng3 22. Rhd1 Nxf5 23. Bc5 Rf7 24. Nb4 Bf8 25. Nxc6 bxc6 26. Bc4 Rf6 27.
Rd8 Rxd8 28. Rxd8 Kg7 29. Rd7+ Kh6 30. Bxf8+ Rxf8 31. Rxa7 Nh4 32. Rf7 Rxf7 33.
Bxf7 Nxf3 34. Be8 c5 35. Kc2 Kg5 36. a4 e4 37. a5 e3 38. Bb5 Ne5 39. a6 c4 40.
a7 Nd3 41. a8=Q 1-0

[Event "January Lviv Tradition (IM-group)"]
[Site "Lviv, UKR"]
[Date "2015.02.01"]
[Round "9.4"]
[White "Walter, Szymon"]
[Black "Koziol, Kamil"]
[Result "1/2-1/2"]
[WhiteElo "2141"]
[BlackElo "2043"]
[PlyCount "43"]
[EventDate "2015.01.27"]

1. c4 Nf6 2. Nc3 d5 3. cxd5 Nxd5 4. g3 g6 5. Bg2 Nf6 6. d3 Bg7 7. Be3 Nc6 8.
Bxc6+ bxc6 9. Qd2 Nd5 10. Nf3 Nxc3 11. bxc3 Qd5 12. Bh6 Bxh6 13. Qxh6 Bg4 14.
c4 Qa5+ 15. Qd2 Qh5 16. Nd4 Bh3 17. Qe3 Qa5+ 18. Qd2 Qh5 19. Qe3 Qa5+ 20. Qd2
Qh5 21. Qe3 Qa5+ 22. Qd2 $11 1/2-1/2

[Event "January Lviv Tradition (IM-group)"]
[Site "Lviv, UKR"]
[Date "2015.02.01"]
[Round "9.5"]
[White "Buksa, Nataliya"]
[Black "Sabuk, Piotr"]
[Result "1-0"]
[WhiteElo "2127"]
[BlackElo "2347"]
[PlyCount "71"]
[EventDate "2015.01.27"]

1. e4 e5 2. Nf3 Nc6 3. Bb5 a6 4. Ba4 Nf6 5. O-O Be7 6. Re1 b5 7. Bb3 d6 8. c3
O-O 9. h3 Bb7 10. d4 Re8 11. Nbd2 Bf8 12. d5 Ne7 13. Nf1 h6 14. Ng3 Nd7 15. Bc2
Nb6 16. b3 c6 17. dxc6 Bxc6 18. Ba3 Ng6 19. Nf5 Ra7 20. Ne3 Nf4 21. c4 bxc4 22.
bxc4 Qd7 23. Rb1 Na4 24. Qd2 Ne6 25. Bxa4 Bxa4 26. Nf5 Rd8 27. Qa5 Bc6 28. Rbd1
Qb7 29. Bxd6 Bxe4 30. Qxe5 Bxf3 31. gxf3 Qxf3 32. Rd5 Rxd6 33. Rxd6 Bxd6 34.
Qxd6 Nf4 35. Re8+ Kh7 36. Rh8+ 1-0